| 000 | 01034naa a2200289 c 4500 | ||
|---|---|---|---|
| 001 | 41938 | ||
| 003 | ES-MaCES | ||
| 005 | 20110726095700.0 | ||
| 008 | 110726n2011 xxkd t 000 | eng d | ||
| 035 | _aCES20110008301v | ||
| 040 |
_aES-MaCES _bspa _cES-MaCES |
||
| 100 | 1 |
_aBerthoud, Richard _97663 |
|
| 245 | 1 | 0 |
_aIncome, deprivation and poverty _b: a longitudinal analysis _cRichard Berthoud and Mark Bryan |
| 500 | _aResumen | ||
| 650 | 4 |
_amodelo econométrico _929368 |
|
| 650 | 4 |
_aindicador social _927259 |
|
| 650 | 4 |
_alucha contra la pobreza _930648 |
|
| 650 | 4 |
_apérdida económica _927101 |
|
| 650 | 4 |
_aactividades generadoras de ingresos _929650 |
|
| 650 | 4 |
_apolítica financiera _928124 |
|
| 653 | 1 | 0 | _aEstadísticas económico-sociales |
| 700 | 1 |
_aBryan, Mark L. _98399 |
|
| 773 | 0 |
_tJournal of social policy _gvol. 40, part. 1 (Jan. 2011){10620 R. 079077}; p. 135-156 _w(ES-MaCES)25625 _966294 |
|
| 902 | _aART Artículo de revista | ||
| 942 |
_2CES _cAR _h8.2. |
||
| 999 |
_c41938 _d41938 |
||